Vplyv krízového vývoja rodinného podnikania na jeho ekonomiku a riadenie dizertačná práca

Na minha lista:
Detalhes bibliográficos
Autor principal: Srovnalíková, Paulína
Autor Corporativo: Fakulta podnikového manažmentu EU. Katedra podnikovohospodárska
Outros Autores: Dubcová, Gabriela, 1968-
Formato: Livro
Idioma:eslovaco
Publicado em: Bratislava 2018
Assuntos:
Tags: Adicionar Tag
Sem tags, seja o primeiro a adicionar uma tag!

MARC

LEADER 00000nbm a2200000 4500
001 0247716
005 20230302103555.4
041 0 |a slo 
044 |a SK 
245 1 0 |a Vplyv krízového vývoja rodinného podnikania na jeho ekonomiku a riadenie  |b dizertačná práca  |c Paulína Srovnalíková ; školiteľ: Gabriela Dubcová 
264 1 |a Bratislava  |c 2018 
300 |a 124 s. 
610 2 0 |a podnik rodinný 
610 2 0 |a podnikanie rodinné 
610 2 0 |a výsledok hospodársky 
610 2 0 |a kríza 
100 1 |a Srovnalíková, Paulína 
700 1 |a Dubcová, Gabriela, 1968- 
710 2 |a Fakulta podnikového manažmentu EU. Katedra podnikovohospodárska